000 00349nam a2200121Ia 4500
008 230125s9999 xx 000 0 und d
020 _a818712900X
100 _aIndira Gandhi Memorial Trust
245 0 _aArchitecture of an inclusive society : Eight Indira Gandhi Conference
260 _bMudrit Pub.
_c2003
_aDelhi
300 _a600p
942 _cBK
_2ddc
999 _c189
_d189